Композиционные материалы на основе корунда и триацетата целлюлозы; Современные техника и технологии; Т. 2

Bibliografiske detaljer
Parent link:Современные техника и технологии: сборник трудов XVIII международной научно-практической конференции студентов, аспирантов и молодых ученых, Томск, 9-13 апреля 2012 г/ Национальный исследовательский Томский политехнический университет (ТПУ).— , 2012
Т. 2.— 2012.— [С. 119-120]
Hovedforfatter: Байкина Л. К.
Institution som forfatter: Российская академия наук (РАН) Сибирское отделение (СО) Институт химии твердого тела и механохимии (ИХТТМ)
Andre forfattere: Полубояров В. А. (научный руководитель), Горбунов Ф. К.
Summary:Заглавие с титульного листа
Sprog:russisk
Udgivet: 2012
Serier:Секция 6: Материаловедение
Fag:
Online adgang:http://www.lib.tpu.ru/fulltext/v/Conferences/2012/C2/V2/v2_057.pdf
Format: Electronisk Book Chapter
KOHA link:https://koha.lib.tpu.ru/cgi-bin/koha/opac-detail.pl?biblionumber=222889

MARC

LEADER 00000naa2a2200000 4500
001 222889
005 20260219163354.0
035 |a (RuTPU)RU\TPU\book\243119 
090 |a 222889 
100 |a 20121002d2012 k y0rusy50 ca 
101 0 |a rus 
102 |a RU 
135 |a drcn ---uucaa 
181 0 |a i  
182 0 |a b 
200 1 |a Композиционные материалы на основе корунда и триацетата целлюлозы  |f Л. К. Байкина, В. А. Полубояров, Ф. К. Горбунов  |g Российская академия наук (РАН), Сибирское отделение (СО), Институт химии твердого тела и механохимии (ИХТТМ) ; науч. рук. В. А. Полубояров 
203 |a Текст  |c электронный 
215 |a 1 файл (808 Kb) 
225 1 |a Секция 6: Материаловедение 
300 |a Заглавие с титульного листа 
320 |a [Библиогр.: с. 120 (4 назв.)] 
337 |a Adobe Reader 
461 1 |0 (RuTPU)RU\TPU\book\240890  |t Современные техника и технологии  |o сборник трудов XVIII международной научно-практической конференции студентов, аспирантов и молодых ученых, Томск, 9-13 апреля 2012 г  |o в 3 т.  |f Национальный исследовательский Томский политехнический университет (ТПУ)  |d 2012 
463 1 |0 (RuTPU)RU\TPU\book\242828  |t Т. 2  |v [С. 119-120]  |d 2012 
610 1 |a электронный ресурс 
610 1 |a композиционные материалы 
610 1 |a корунды 
610 1 |a биокерамические материалы 
610 1 |a композиты 
610 1 |a полимерные композиционные материалы 
700 1 |a Байкина  |b Л. К. 
701 1 |a Полубояров  |b В. А. 
701 1 |a Горбунов  |b Ф. К. 
702 1 |a Полубояров  |b В. А.  |4 727 
712 0 2 |a Российская академия наук (РАН)  |b Сибирское отделение (СО)  |b Институт химии твердого тела и механохимии (ИХТТМ)  |c (Новосибирск)  |c (1997- )  |3 (RuTPU)RU\TPU\col\11303 
801 2 |a RU  |b 63413507  |c 20130923  |g RCR 
856 4 |u http://www.lib.tpu.ru/fulltext/v/Conferences/2012/C2/V2/v2_057.pdf 
942 |c CF